00601nam a22001937a 450000500170000001000150001702000260003203500140005803700090007208200130008110000250009424500390011925000060015826000240016430000200018894200240020899900190023295201560025120250710121733.0 aENG-145898 c295.00a9789355935182 aEN-129430 bDBAD a158.121 aSunil Kumar R982888 aWhere's my Couch ?/cSunil Kumar R a1 bSunil Kumar Rc2021 a248p.c22cm(pb) 2ddccENh158.1mSUN c212314d212314 001040708NFICaZLSbZLSd2025-07-10eDelivery of Books Act Divisiong295.00l0o158.1 SUNpEN-129430r2025-07-10 00:00:00t1v295.00w2025-07-10yEN